Física 2; dinámica. fluidos. relatividad. electromagnetismo. física cuántica. astronomía y /

Guardado en:
Autor Principal: Aristegui, Rosana A.
Formato: Libro
Publicado: Buenos Aires : Santillana, 2000
Materias:
Etiquetas: Agregar Etiqueta
Sin Etiquetas, Sea el primero en etiquetar este registro!
LEADER 00828nam a22002295a 4500
001 CEM.cems016572
005 20151104125424.0
008 130507s2000##################000#0#####d
003 CEMS
020 |a 9504607217 
082 0 4 |a 530 
100 1 |a Aristegui, Rosana A. 
245 1 0 |a Física 2; dinámica. fluidos. relatividad. electromagnetismo. física cuántica. astronomía y /  |c Rosana A. Aristegui, Carla F. Baredes, Diego P. Fernández, Adrián M. Silva y Cecilia I. Sobico 
260 |a Buenos Aires :  |b Santillana,  |c 2000 
300 |a 383 p. 
653 |a Astronomia 
653 |a Fisica cuantica 
653 |a Astrofisica 
653 |a Fluidos 
653 |a Mecanica cuantica 
859 |a CEMS  |b BIB. CEMS - Agricultura  |h 530  |i Ar45  |p A0007.00  |t Ej.1  |v II  |3 II 
859 |a CEMS  |b BIB. CEMS - Agricultura  |h 530  |i Ar45  |p A0336.01  |t Ej.2  |v II  |3 II